Volatilita výnosových kriviek

Volatilita v praxi poisťovní a miera neistoty najmä v oblasti finančného rizika v dôsledku pandemického ochorenia COVID-19 spôsobeného novým koronavírusom. Možné výrazné peňažné straty a výkyvy najdôležitejších finančných ukazovateľov. Volatilita výnosových kriviek v rámci poisťovní, metódy odhadu a...

Ausführliche Beschreibung

Gespeichert in:
Bibliographische Detailangaben
1. Verfasser: Faybíková, Ivana, 1995-
Format: Buchkapitel
Sprache:Slowakisch
Schlagworte:
Tags: Tag hinzufügen
Keine Tags, Fügen Sie das erste Tag hinzu!

MARC

LEADER 00000naa$a2200000$$$4500
001 0270839
005 20240502074241.3
041 0 |a slo 
044 |a SK 
245 1 0 |a Volatilita výnosových kriviek  |c Ivana Faybíková 
520 |a Volatilita v praxi poisťovní a miera neistoty najmä v oblasti finančného rizika v dôsledku pandemického ochorenia COVID-19 spôsobeného novým koronavírusom. Možné výrazné peňažné straty a výkyvy najdôležitejších finančných ukazovateľov. Volatilita výnosových kriviek v rámci poisťovní, metódy odhadu a dopad výskytu volatility na ekonomickú situáciu poisťovní. Vzťah k úrokovej sadzbe, spotovej sadzbe a výnosu. 
610 2 0 |a poisťovne komerčné 
610 2 0 |a volatilita 
610 2 0 |a pandémia 
610 2 0 |a koronavírus 
610 2 0 |a výnosnosť 
610 2 0 |a výnosy 
610 2 0 |a sadzby úrokové 
610 2 0 |a trh finančný medzinárodný 
100 1 |a Faybíková, Ivana, 1995-